| 000 | 00604nam a22001577a 4500 | ||
|---|---|---|---|
| 008 | 160427b xxu||||| |||| 00| 0 eng d | ||
| 082 |
_22008 _aUT 0099 _bEm11 |
||
| 100 |
_96508 _aEmas, Heide Jane Valerie C. |
||
| 245 |
_aPollution problem and the measures of government agency in Digos City/ _cHeide Jane Valerie C. Emas, Sandy Glenn B. Gregorio and Jacqueline M. Camp. |
||
| 260 |
_aDigos City: _bUMDC _cAugust 2008. |
||
| 300 |
_a37 pages; _c28 cm. |
||
| 650 | 0 |
_96507 _aNursing _xUndergraduate thesis. |
|
| 700 |
_96505 _aGregorio, Sandy Glenn B. |
||
| 700 |
_96506 _aCamp, Jacqueline M. |
||
| 942 |
_2ddc _cUT |
||
| 999 |
_c2020 _d2020 |
||